<?xml version="1.0" encoding="UTF-8"?>
<record
    xmlns:xsi="http://www.w3.org/2001/XMLSchema-instance"
    xsi:schemaLocation="http://www.loc.gov/MARC21/slim http://www.loc.gov/standards/marcxml/schema/MARC21slim.xsd"
    xmlns="http://www.loc.gov/MARC21/slim">

  <leader>01619cam a22003374a 4500</leader>
  <controlfield tag="005">20100726104723.0</controlfield>
  <controlfield tag="008">080916s2009    ii a     bc   000 0 eng d</controlfield>
  <datafield tag="010" ind1=" " ind2=" ">
    <subfield code="a">ENG-96717-718</subfield>
  </datafield>
  <datafield tag="020" ind1=" " ind2=" ">
    <subfield code="a">9788172681845 (set)</subfield>
    <subfield code="c">1800.00 (set)</subfield>
  </datafield>
  <datafield tag="020" ind1=" " ind2=" ">
    <subfield code="a">8172681844 (set)</subfield>
    <subfield code="c">1800.00 (set)</subfield>
  </datafield>
  <datafield tag="020" ind1=" " ind2=" ">
    <subfield code="a">9788172681852 (v. 1)</subfield>
    <subfield code="c">1800.00 (set)</subfield>
  </datafield>
  <datafield tag="020" ind1=" " ind2=" ">
    <subfield code="a">8172681852 (v. 1)</subfield>
    <subfield code="c">1800.00 (set)</subfield>
  </datafield>
  <datafield tag="020" ind1=" " ind2=" ">
    <subfield code="a">9788172681869 (v. 2)</subfield>
    <subfield code="c">1800.00 (set)</subfield>
  </datafield>
  <datafield tag="020" ind1=" " ind2=" ">
    <subfield code="a">8172681860 (v. 2)</subfield>
    <subfield code="c">1800.00</subfield>
  </datafield>
  <datafield tag="035" ind1=" " ind2=" ">
    <subfield code="a">EN-80250-251</subfield>
  </datafield>
  <datafield tag="037" ind1=" " ind2=" ">
    <subfield code="b">DBAD/PUB</subfield>
  </datafield>
  <datafield tag="040" ind1=" " ind2=" ">
    <subfield code="a">dpl</subfield>
    <subfield code="b">eng</subfield>
  </datafield>
  <datafield tag="082" ind1="0" ind2="4">
    <subfield code="a">615.321</subfield>
  </datafield>
  <datafield tag="100" ind1="1" ind2=" ">
    <subfield code="a">Fernie, W.T.</subfield>
    <subfield code="9">1318</subfield>
  </datafield>
  <datafield tag="245" ind1="1" ind2="0">
    <subfield code="a">Harbal simples:</subfield>
    <subfield code="c">by W.T. Fernie,</subfield>
    <subfield code="b">approved for modern user of cure /</subfield>
  </datafield>
  <datafield tag="260" ind1=" " ind2=" ">
    <subfield code="a">New Delhi :</subfield>
    <subfield code="b">Logos press</subfield>
    <subfield code="c">2008</subfield>
  </datafield>
  <datafield tag="300" ind1=" " ind2=" ">
    <subfield code="a">2 v. (xx,322 p.) (xx, 651p.) </subfield>
    <subfield code="c">23 cm.</subfield>
  </datafield>
  <datafield tag="505" ind1="0" ind2=" ">
    <subfield code="a">v. 1. Chapels A-L-- v. 2. Chapels M-Z</subfield>
  </datafield>
  <datafield tag="610" ind1="2" ind2="0">
    <subfield code="a">Bao-xiang Lou (Pantheon : Beijing, China)</subfield>
    <subfield code="9">1358</subfield>
  </datafield>
  <datafield tag="650" ind1=" " ind2="0">
    <subfield code="9">1359</subfield>
  </datafield>
  <datafield tag="650" ind1=" " ind2="0">
    <subfield code="9">1360</subfield>
  </datafield>
  <datafield tag="942" ind1=" " ind2=" ">
    <subfield code="2">ddc</subfield>
    <subfield code="c">EN</subfield>
    <subfield code="h">615.321</subfield>
    <subfield code="m">FER</subfield>
  </datafield>
  <datafield tag="999" ind1=" " ind2=" ">
    <subfield code="c">37640</subfield>
    <subfield code="d">37640</subfield>
  </datafield>
  <datafield tag="952" ind1=" " ind2=" ">
    <subfield code="0">0</subfield>
    <subfield code="1">0</subfield>
    <subfield code="2">ddc</subfield>
    <subfield code="3">v.1</subfield>
    <subfield code="4">0</subfield>
    <subfield code="7">1</subfield>
    <subfield code="8">NFIC</subfield>
    <subfield code="a">DBAD</subfield>
    <subfield code="b">DBAD</subfield>
    <subfield code="d">2010-07-26</subfield>
    <subfield code="e">DBAD/PUB</subfield>
    <subfield code="g">1800.00</subfield>
    <subfield code="l">0</subfield>
    <subfield code="o">615.321 FER</subfield>
    <subfield code="p">EN-80250</subfield>
    <subfield code="r">2010-07-26 00:00:00</subfield>
    <subfield code="t">1</subfield>
    <subfield code="v">1800.00</subfield>
    <subfield code="y">EN</subfield>
    <subfield code="z">v. 1. Chapels A-L-- v. 2. Chapels M-Z</subfield>
  </datafield>
  <datafield tag="952" ind1=" " ind2=" ">
    <subfield code="0">0</subfield>
    <subfield code="1">0</subfield>
    <subfield code="2">ddc</subfield>
    <subfield code="3">v.2</subfield>
    <subfield code="4">0</subfield>
    <subfield code="7">1</subfield>
    <subfield code="8">NFIC</subfield>
    <subfield code="a">DBAD</subfield>
    <subfield code="b">DBAD</subfield>
    <subfield code="d">2010-07-26</subfield>
    <subfield code="e">DBAD/PUB</subfield>
    <subfield code="g">1800.00</subfield>
    <subfield code="l">0</subfield>
    <subfield code="o">615.321 FER</subfield>
    <subfield code="p">EN-80251</subfield>
    <subfield code="r">2010-07-26 00:00:00</subfield>
    <subfield code="t">1</subfield>
    <subfield code="v">1800.00</subfield>
    <subfield code="w">2010-07-26</subfield>
    <subfield code="y">EN</subfield>
    <subfield code="z">v. 1. Chapels A-L-- v. 2. Chapels M-Z</subfield>
  </datafield>
</record>
